1389 1087 1064 1918 1890 1093 1458 1078 1743 1394 1943 1462 1929 1550 1230 1762 1833 1707 1300 1849 1787 1836 1331 1344 1917 1916 1311 1341 1702 1853 1920 1552 1464 1649 1884 1955 1438 1916 1704 1844 1998 1479 1137 1548 1712 1772 1014 1383 1582 1242 1528 1135 1988 1736 1310 1311 1339 1616 1610 1316 1564 1953 1411 1057 1366 1458 1497 1861 1644 1175 1176 1261 1276 1993 1040 1207 1396 1183 1495 1800 1540 1757 1851 1521 1213 1449 1181 1906 1588 1344 1206 1233 1712 1410 1656 1068 1468 1233 1443 BCNSPRNW ULIB Ver.6.0+V

เปลี่ยนเป็นภาษาไทย

Change to English
 แสดงรายละเอียดบรรณานุกรม
  กลับหน้าหลัก

Brief Record : Get Marc (ISO 2709) : E-mail record : QR code < ปิดหน้าต่าง
LEADER : 00000nam 2200000uu 4500
001    13399126321
003     ULIB
008    180906s||||||||th 000 0 tha d
020    ^a9786164455221
060    ^aWS320^bก23ป
100    ^aกาญจนา ตั้งนรารัชชกิจ, บรรณาธิการ
245    ^aปัญหาสารน้ำอิเล็กโทรไลต์และโรคไตในเด็ก/^bกาญจนา ตั้งนรารัชชกิจ, บรรณาธิการ
250    ^aพิมพ์ครั้งที่ 5
260    ^aกรุงเทพฯ :^bเนติกุลการพิมพ์,^c2560
300    ^a628 หน้า
650    ^aไต, โรค--ในวัยทารกและวัยเด็ก
650  0 ^aสารน้ำในร่างกาย
650  0 ^aน้ำ--อิเล็กโทรไลต์ไม่สมดุล--ในวัยทารกและวัยเด็ก
945    ^p880^l0^i26546
945    ^p880^l0^i26545
999    ^aกัณชพร จุลอักษร
รายการนี้ยังไม่มีแท็ก
คุณยังไม่ได้ล็อกอิน คุณสามารถมีกิจกรรมร่วมกับเว็บไซต์ได้ แต่ต้องล็อกอินก่อน ::
  ล็อกอิน

รายการสื่อสารสนเทศ

ลำดับที่ ประเภท เลขเรียก/บาร์โค้ด สถานที่ สถานะ
1. หนังสือสำรอง
หนังสือสำรอง
WS320 ก23ป ฉ.1 
  Barcode: 26545
ห้องสมุดวิทยาเขตนครสวรรค์
►หนังสือทั่วไป:l:General Books
บนชั้น
2. วิทยาศาสตร์การแพทย์ และสุขภาพ
วิทยาศาสตร์การแพทย์ และสุขภาพ
WS320 ก23ป ฉ.2 
  Barcode: 26546
ห้องสมุดวิทยาเขตนครสวรรค์
►หนังสือทั่วไป:l:General Books
บนชั้น

รายการใกล้เคียง
    ผู้แต่ง [กาญจนา ตั้งนรารัชชกิจ, บรรณาธิการ]

    หัวเรื่อง [ไต, โรค--ในวัยทารกและวัยเด็ก]
    หัวเรื่อง [สารน้ำในร่างกาย]
    หัวเรื่อง [น้ำ--อิเล็กโทรไลต์ไม่สมดุล--ในวัยทารกและวัยเด็ก]

BibComment


ยังไม่เคยถูกคอมเมนท์

คอมเมนท์ทรัพยากรรายการนี้
  คอมเมนท์: ปัญหาสารน้ำอิเล็..


 Copyright 2026. Bcnsprnw @Library